LEADER 01518nam a2200325 4500 001 000000359022 003 CaOOAMICUS 005 20240722151316.0 008 240722s1689 it 000 u spa r 026 $ei-c. r-a. iss. it9. (C) 1689 (Q) 040 $aSeMil$bita 110 21$aMilano$c.$0(OLS)http://semarc/name/72392 245 10$aCarolus secundus Dei gratia Hispaniarum &c. rex, & Mediolani Dux &c. Don Antonio Lopez de Ayala Velasco, & Cardenas Conte di Fuensalida, e Colmenar &c. ... 264 1$c(Madrid, 1689) 300 $a[4] c. ;$c4° 500 $aIniz. xilogr. 500 $aData e luogo di emanazione nel testo: De Madrid à 29. de Agosto de 1689 500 $aTitolo dell'intitolazione 500 $aSegn.: [A]? (A4 bianca) 500 $aTrattasi delle concessioni ducali al Pio luogo di Milano 500 $aTrattasi di lettera sulle regalie 500 $aFirmatari in calce 500 $aIniz. xilogr. 700 1 $aLópez de Ayala, Antonio.$0(OLS)http://semarc/name/120009 700 0 $aCarlos II,$c.$0(OLS)http://semarc/name/118091 850 $aSeMil 852 $aSeMil$W1$xVenegono$y1$m3Z VI 6/19 FA$j249533$B250084$CSeMilBibl$Z2$F250084 $8I 996 $6245$aCarolus secundus Dei gratia Hispaniarum &c. rex, & Mediolani Dux &c. Don Antonio Lopez de Ayala Velasco, & Cardenas Conte di Fuensalida, e Colmenar &c. ...$9(OLS)http://semarc/title/449444 996 $6264$a[S.l.] :$b[s.n.]$9(OLS)http://semarc/publisher/0 LEADER 00602nam a2200169 i 4500 001 000000066382 003 CaOOAMICUS 005 20131216000000.0 008 131216s1958 xx u000 u mul u 013 $a37554 040 $aSeMil$bita 245 10$aReformation, Schicksal und Auftrag. 300 $aXXIII, 586 p., [1] c. di tav. :$britr. 773 0 $tFestgabe Joseph Lortz.$dBaden-Baden : Bruno Grimm, 1958.$g1$w()813 850 $aSeMil 852 $aSeMil$W1$xVenegono$y1$m2N III 90$j32535$B32535$CSeMilBibl$Z2$F32538 $81 996 $6245$aReformation, Schicksal und Auftrag$9(OLS)http://semarc/title/105566